Els Joglars : vint-i-cinc anys i un dia vint-i-cinc anys i un dia
Publicado:
Madrid :
Centro de Documentación Teatral (INAEM), Ministerio de Cultura ; Barcelona : Institut del Teatre ,
1987
Descripción Física:
83 p. : il., col. ; 23 x 23 cm
MARC
| LEADER | 00000nam a2200000Ia 4500 | ||
|---|---|---|---|
| 001 | 7622 | ||
| 003 | BGR | ||
| 005 | 20260324175631.0 | ||
| 008 | 160829s1987 xx 000 0 cat d | ||
| 080 | |a B-1-374 | ||
| 245 | |a Els Joglars : |b vint-i-cinc anys i un dia | ||
| 260 | |a Madrid : |b Centro de Documentación Teatral (INAEM), Ministerio de Cultura ; Barcelona : |b Institut del Teatre, |c 1987 | ||
| 300 | |a 83 p. : |b il., col. ; |c 23 x 23 cm | ||
| 590 | |a Títol extret de la coberta. | ||
| 590 | |a Monogràfic que acompanya el periòdic 'El Público', de desembre de 1987, edició catalana. | ||
| 650 | |a Joglars (Grup teatral) |x Aniversaris, etc. |9 35973 | ||
| 650 | |a Joglars (Grup teatral) |x Història |9 35974 | ||
| 650 | 0 | |a Companyies teatrals |z Catalunya |y S. XX |9 35975 | |
| 650 | |a Boadella, Albert |x Intervius |9 35976 | ||
| 710 | 1 | |a Institut del Teatre (Barcelona, Catalunya) |9 52662 | |
| 710 | 1 | |a Instituto Nacional de las Artes Escénicas y de la Música (Espanya) |9 71192 |b Centro de Documentación Teatral | |
| 710 | 1 | |a Espanya |9 69580 |b Ministerio de Cultura | |
| 901 | |a Arxiu | ||
| 942 | |n 1 |2 udc |c MON | ||
| 952 | |0 0 |1 0 |4 0 |6 B1374 |7 1 |9 47135 |a Arxiu |b Arxiu |d 2016-12-01 |l 0 |o B-1-374 |p 7622 |r 2016-12-01 00:00:00 |w 2016-12-01 |y ARXIU | ||
| 999 | |c 50932 |d 50932 | ||